000 00467nam a2200145 a 4500
001 000027277
005 20200930030723.0
008 110331s1945 dr r 000 0 spa d
040 _aDO-SdBNP
_bspa
_cBNPHU
082 _axxxx
_bI37h
100 1 _aIncháustegui, J. Mariano
_954339
245 1 0 _aHistoria dominicana 1844-1944 /
_cJ. Mariano Incháustegui.
260 _aCiudad Trujillo, República Dominicana :
_bLibrería Dominicana,
_c1945.
300 _a209 p. ;
_c20 cm.
999 _c26769
_d26769